[Event "46th Rilton Cup 2016-17"]
[Site "Stockholm SWE"]
[Date "2017.01.02"]
[Round "6.20"]
[White "Bellia, Fabrizio"]
[Black "Ornstein, Axel"]
[Result "1/2-1/2"]
[WhiteTitle "IM"]
[BlackTitle "IM"]
[WhiteElo "2433"]
[BlackElo "2338"]
[WhiteFideId "800511"]
[BlackFideId "1700111"]
[EventDate "2016.12.27"]

1. e4 c5 2. Nf3 d6 3. d4 cxd4 4. Nxd4 Nf6 5. Nc3 a6 6. Be2 e5 7. Nb3 Be7 8. O-O
O-O 9. a4 Be6 10. Be3 Qc7 11. f3 Nbd7 12. Qd2 Rac8 13. a5 Rfd8 14. Rfd1 d5 15.
exd5 Nxd5 16. Nxd5 Bxd5 17. Qxd5 Nf6 18. Qc4 Rxd1+ 19. Rxd1 Qxc4 20. Bxc4 Rxc4
21. c3 Kf8 22. Kf2 Ke8 23. Ke2 h5 24. Kd3 Rc6 25. Re1 Nd7 26. Kc2 Bd8 27. f4 Re6
28. Bd2 Bc7 29. fxe5 Rxe5 30. Rxe5+ Bxe5 1/2-1/2

[Event "46th Rilton Cup 2016-17"]
[Site "Stockholm SWE"]
[Date "2017.01.02"]
[Round "6.21"]
[White "Kazakovskiy, Valeriy"]
[Black "Ziegler, Ari"]
[Result "1-0"]
[WhiteTitle "IM"]
[BlackTitle "IM"]
[WhiteElo "2430"]
[BlackElo "2299"]
[WhiteFideId "13507443"]
[BlackFideId "1700987"]
[EventDate "2016.12.27"]

1. d4 Nf6 2. Nf3 g6 3. c4 Bg7 4. g3 O-O 5. Bg2 c5 6. O-O Nc6 7. Nc3 cxd4 8. Nxd4
Nxd4 9. Qxd4 d6 10. Qd3 a6 11. Bd2 Rb8 12. c5 dxc5 13. Qxd8 Rxd8 14. Bf4 Ra8 15.
Rfd1 Re8 16. Na4 Nd7 17. Be3 Rb8 18. Rd2 Bd4 19. Bxd4 cxd4 20. Rxd4 b5 21. Nc3
Nf6 22. a3 Be6 23. e4 Nd7 24. b4 Ne5 25. f4 Nc4 26. Bf1 Ne3 27. Rc1 Red8 28.
Rxd8+ Rxd8 29. Be2 Rd4 30. Kf2 Nc4 31. Bxc4 Rxc4 32. Ke3 f5 33. exf5 gxf5 34.
Ne2 Re4+ 35. Kf2 Bc4 36. Nc3 Rd4 37. Rd1 Rd6 38. Rxd6 exd6 39. h3 Kf7 40. g4 Kg6
41. Nd1 Be6 42. Ne3 d5 43. g5 Kh5 44. Nc2 Kh4 45. Nd4 Bd7 46. Kg2 Bc8 47. Nf3+
Kh5 48. Kg3 Be6 49. Nd4 Bd7 50. Nf3 Bc8 51. Kf2 h6 52. gxh6 Kxh6 53. Ke3 Kh5 54.
Kd4 Bd7 55. Ke5 Bc8 56. Nd4 Kh4 57. Nxf5+ Kxh3 58. Ne7 1-0

[Event "46th Rilton Cup 2016-17"]
[Site "Stockholm SWE"]
[Date "2017.01.02"]
[Round "6.22"]
[White "Sevian, Samuel"]
[Black "Prince, Bajaj"]
[Result "1/2-1/2"]
[WhiteTitle "GM"]
[BlackTitle "CM"]
[WhiteElo "2603"]
[BlackElo "2305"]
[WhiteFideId "2040506"]
[BlackFideId "5045150"]
[EventDate "2016.12.27"]

1. e4 c5 2. Nf3 e6 3. d4 cxd4 4. Nxd4 Nc6 5. Nc3 Qc7 6. g3 a6 7. Bg2 Nf6 8. O-O
Nxd4 9. Qxd4 Bc5 10. Bf4 d6 11. Qd2 h6 12. Rad1 e5 13. Be3 Be6 14. Bxc5 dxc5 15.
Nd5 Bxd5 16. exd5 Qd6 17. f4 O-O 18. fxe5 Qxe5 19. d6 Qxb2 20. c4 Qxd2 21. Rxd2
Rab8 22. a4 b6 23. d7 Ng4 24. Re1 f6 25. Rb1 a5 26. Bd5+ Kh7 27. Be6 Ne5 28. Rd6
Rfd8 29. Kg2 g6 30. Rbxb6 Rxb6 31. Rxb6 Kg7 32. Rb5 Kf8 33. Rxc5 Ke7 34. Bd5 Rb8
35. Rxa5 Rb2+ 36. Kg1 Kxd7 37. Ra7+ Kd6 38. Ra6+ Kc5 39. Rxf6 Ra2 40. Ra6 Kd4
41. a5 h5 42. Rd6 Rxa5 43. Bf7+ Ke3 44. Re6 Kf3 45. Rf6+ Ke3 46. Bd5 Ra1+ 47.
Rf1 Rxf1+ 48. Kxf1 Kd4 49. Kg2 g5 50. Bf3 h4 51. Bd5 hxg3 52. Kxg3 Nxc4 53. Bxc4
Ke5 54. Kg4 Kf6 55. h3 Kg7 56. Kf5 Kh8 57. Kf6 Kh7 58. Kf7 Kh8 59. Kf8 Kh7 60.
Bf7 Kh8 61. Ke7 Kg7 62. Ke6 Kh8 63. Kf6 Kh7 64. Bg6+ Kh8 65. Bf5 Kg8 66. Kg6 Kh8
67. Kh6 Kg8 68. Bh7+ Kh8 69. Be4 Kg8 70. Kg6 Kh8 71. Kf7 g4 72. hxg4 1/2-1/2

[Event "46th Rilton Cup 2016-17"]
[Site "Stockholm SWE"]
[Date "2017.01.02"]
[Round "6.23"]
[White "Bergstrom, Rolf"]
[Black "Cramling, Pia"]
[Result "0-1"]
[WhiteTitle "FM"]
[BlackTitle "GM"]
[WhiteElo "2290"]
[BlackElo "2453"]
[WhiteFideId "1702386"]
[BlackFideId "1700030"]
[EventDate "2016.12.27"]

1. b3 d5 2. Bb2 Bg4 3. f3 Bf5 4. e3 e6 5. Nc3 Nf6 6. g4 Nxg4 7. fxg4 Qh4+ 8. Ke2
Bxg4+ 9. Nf3 e5 10. d3 f5 11. Nxd5 Bd6 12. Bg2 e4 13. Qf1 Nd7 14. Kd2 exf3 15.
Bxf3 Ne5 16. Bxg4 Qxg4 17. h3 Qh5 18. Bxe5 Bxe5 19. d4 c6 20. Nf4 Bxf4 21. Qxf4
O-O 22. Rag1 Qf7 23. Rg3 Qd7 24. Rhg1 Rf7 25. h4 Re8 26. h5 b5 27. Kc1 a5 28. a3
Qd8 29. Kb2 Re4 30. Qf3 Qe7 31. Qg2 Qf6 32. Ka2 Rfe7 33. Qd2 a4 34. bxa4 bxa4
35. Qb4 Rxe3 36. Rxe3 Rxe3 37. Qxa4 h6 38. Qc4+ Kh7 39. Rg6 Qe7 40. Qb4 Qe4 41.
Qc5 Rh3 42. Rxc6 Rxh5 43. a4 Rg5 44. Qc4 f4 45. Re6 Qd5 46. Kb3 f3 47. Re3 Qf5
48. Re5 Qg6 49. Re6 Qf5 50. Re5 Qf8 51. Re3 Rf5 52. Qd3 f2 53. Qf1 Qd6 54. c3
Qd5+ 55. Ka3 Rf7 56. Qb1+ Qf5 57. Qf1 Qc2 58. Kb4 Qb2+ 59. Kc4 Qa2+ 60. Kd3 Qxa4
61. Re2 Qb5+ 0-1

[Event "46th Rilton Cup 2016-17"]
[Site "Stockholm SWE"]
[Date "2017.01.02"]
[Round "6.24"]
[White "Ruecker, Benjamin"]
[Black "Hauge, Lars Oskar"]
[Result "0-1"]
[BlackTitle "IM"]
[WhiteElo "2275"]
[BlackElo "2431"]
[WhiteFideId "4677110"]
[BlackFideId "1509276"]
[EventDate "2016.12.27"]

1. d4 Nf6 2. c4 g6 3. Nc3 Bg7 4. e4 d6 5. Nf3 O-O 6. Be2 e5 7. Be3 c6 8. d5 Ng4
9. Bg5 f6 10. Bh4 Nh6 11. O-O c5 12. a3 g5 13. Bg3 f5 14. exf5 Nxf5 15. Nd2 Nd7
16. Nde4 h6 17. b4 b6 18. Rb1 Nf6 19. Nxf6+ Qxf6 20. bxc5 bxc5 21. Bg4 Nd4 22.
Re1 Bxg4 23. Qxg4 Qg6 24. Qe4 Rf5 25. f3 h5 26. h3 Qf6 27. Qd3 Rf8 28. Ne4 Qg6
29. Bf2 g4 30. fxg4 hxg4 31. Ng3 gxh3 32. Bxd4 Rf1+ 0-1

[Event "46th Rilton Cup 2016-17"]
[Site "Stockholm SWE"]
[Date "2017.01.02"]
[Round "6.25"]
[White "Nielsen, Hogni Egilstoft"]
[Black "Stefansson, Vignir Vatnar"]
[Result "1-0"]
[WhiteTitle "FM"]
[BlackTitle "FM"]
[WhiteElo "2262"]
[BlackElo "2404"]
[WhiteFideId "7200404"]
[BlackFideId "2308649"]
[EventDate "2016.12.27"]

1. e4 d6 2. d4 Nd7 3. Nf3 e5 4. Nc3 Ngf6 5. Bc4 Be7 6. O-O O-O 7. Re1 h6 8. h3
Re8 9. Bf1 c6 10. a4 Qc7 11. a5 Nf8 12. d5 cxd5 13. exd5 N6h7 14. a6 b6 15. Nb5
Qd8 16. Bd2 Nd7 17. Nc3 Nb8 18. Be3 f5 19. Bb5 Bd7 20. Nxe5 dxe5 21. d6 Nf6 22.
dxe7 Qxe7 23. Nd5 Qf7 24. Bxd7 Nbxd7 25. Nc7 Rac8 26. Nxe8 Rxe8 27. Qf3 Nd5 28.
Bd2 e4 29. Qe2 f4 30. c4 Nc7 31. Qg4 g5 32. Bc3 Nc5 33. Rad1 Qg6 34. h4 Nd3 35.
Re2 Ne6 36. h5 Qh7 37. Rxd3 1-0

[Event "46th Rilton Cup 2016-17"]
[Site "Stockholm SWE"]
[Date "2017.01.02"]
[Round "6.26"]
[White "Krishna, C R G"]
[Black "Babikov, Ivan"]
[Result "1-0"]
[WhiteTitle "IM"]
[BlackTitle "FM"]
[WhiteElo "2390"]
[BlackElo "2259"]
[WhiteFideId "5018625"]
[BlackFideId "4161106"]
[EventDate "2016.12.27"]

1. d4 Nf6 2. Nf3 e6 3. e3 b6 4. Bd3 Bb7 5. O-O c5 6. c4 d5 7. cxd5 exd5 8. b3
Nbd7 9. Bb2 Bd6 10. dxc5 bxc5 11. Nbd2 O-O 12. Re1 Re8 13. Nf1 Ne4 14. Ng3 Ndf6
15. Rc1 Ng4 16. Rc2 Re6 17. Nf5 Bf8 18. Qa1 g6 19. Ng3 Nxg3 20. hxg3 f5 21. b4
cxb4 22. Rec1 Rc8 23. Rxc8 Bxc8 24. Bd4 a5 25. Qb2 Ba6 26. Bxa6 Rxa6 27. Qe2 Rd6
28. Qb5 Qd7 29. Qxd7 Rxd7 30. Rc8 h6 31. Bc5 Rf7 32. Nd4 Rf6 33. Nc6 Kg7 34. Bd4
a4 35. f3 Nxe3 36. Bxf6+ 1-0

[Event "46th Rilton Cup 2016-17"]
[Site "Stockholm SWE"]
[Date "2017.01.02"]
[Round "6.27"]
[White "Mihajlov, Sebastian"]
[Black "Chizhikov, Vladislav"]
[Result "1-0"]
[WhiteTitle "FM"]
[WhiteElo "2384"]
[BlackElo "2262"]
[WhiteFideId "1512110"]
[BlackFideId "4178157"]
[EventDate "2016.12.27"]

1. d4 Nf6 2. c4 c5 3. d5 e6 4. Nc3 exd5 5. cxd5 d6 6. Nf3 g6 7. Bf4 a6 8. Nd2
Nh5 9. Qa4+ Qd7 10. Qe4+ Kd8 11. Nc4 Kc7 12. a4 Qf5 13. Qxf5 Bxf5 14. Bd2 b6 15.
e4 Bd7 16. Be2 f6 17. O-O Be7 18. Ra3 Ra7 19. Rb1 Be8 20. b4 g5 21. bxc5 bxc5
22. Nd1 Bg6 23. Ba5+ Kc8 24. Bg4+ f5 25. exf5 Nf6 26. fxg6+ Nxg4 27. Bc3 Bf6 28.
Nxd6+ Kd7 29. g7 Rg8 30. Nf5 a5 31. Rab3 Na6 32. Rb7+ Rxb7 33. Rxb7+ Kc8 34.
Nd6+ Kd8 35. Bxa5+ 1-0

[Event "46th Rilton Cup 2016-17"]
[Site "Stockholm SWE"]
[Date "2017.01.02"]
[Round "6.28"]
[White "Sadhwani, Raunak"]
[Black "Balcerak, Philipp"]
[Result "0-1"]
[WhiteTitle "CM"]
[WhiteElo "2246"]
[BlackElo "2372"]
[WhiteFideId "35093487"]
[BlackFideId "4655036"]
[EventDate "2016.12.27"]

1. e4 c5 2. Nf3 e6 3. d4 cxd4 4. Nxd4 Nc6 5. Nc3 d6 6. Be2 Nf6 7. Be3 Be7 8. O-O
a6 9. f4 Qc7 10. Qe1 O-O 11. Kh1 Nxd4 12. Bxd4 b5 13. a3 Bb7 14. Bd3 Bc6 15. Qg3
Rad8 16. Rae1 Rd7 17. Qh3 g6 18. Rf3 Re8 19. Qh6 e5 20. fxe5 dxe5 21. Bg1 Qd8
22. Ref1 Bf8 23. Qc1 Nh5 24. Be3 f5 25. Rh3 f4 26. Bg1 Nf6 27. Rhf3 g5 28. Re1
g4 29. Rff1 Nh5 30. Ne2 Bh6 31. Ng3 Nxg3+ 32. hxg3 Qg5 33. Bh2 Qh5 34. Kg1 fxg3
35. Bxg3 Bxc1 36. Rxc1 Rf7 37. Rxf7 Qxf7 38. Rf1 Qa7+ 39. Bf2 Qe7 40. Bg3 Rf8
41. Rxf8+ Kxf8 42. b4 Qg5 43. Kh2 h5 44. Bf2 h4 45. g3 h3 46. Bf1 Bxe4 47. Bc5+
Kg7 48. Kg1 Qd2 0-1

[Event "46th Rilton Cup 2016-17"]
[Site "Stockholm SWE"]
[Date "2017.01.02"]
[Round "6.29"]
[White "Von Bahr, Oskar"]
[Black "Wiander, Michael"]
[Result "1-0"]
[WhiteTitle "FM"]
[BlackTitle "CM"]
[WhiteElo "2357"]
[BlackElo "2246"]
[WhiteFideId "1703250"]
[BlackFideId "1702580"]
[EventDate "2016.12.27"]

1. e4 d6 2. d4 Nf6 3. Nc3 Nbd7 4. Nf3 e5 5. Bc4 h6 6. a4 a5 7. O-O Be7 8. Re1 c6
9. h3 Qc7 10. Be3 g5 11. Nd2 Nf8 12. Be2 Ne6 13. Nc4 Nd7 14. Bg4 Nf4 15. g3 Nf6
16. dxe5 Nxg4 17. hxg4 dxe5 18. gxf4 gxf4 19. Bb6 Qb8 20. f3 h5 21. g5 Be6 22.
Qd3 Ra6 23. Bf2 O-O 24. Kh2 Rd8 25. Qe2 Kh7 26. Rad1 Rg8 27. Rg1 Bxg5 28. Nd6 f6
29. Nf5 Qf8 30. Qd3 Ra8 31. Qd6 Qf7 32. Qe7 Qxe7 33. Nxe7 Rge8 34. Nf5 Kg6 35.
Rd6 Bxf5 36. exf5+ Kxf5 37. Ne4 Re7 38. Rxg5+ 1-0

[Event "46th Rilton Cup 2016-17"]
[Site "Stockholm SWE"]
[Date "2017.01.02"]
[Round "6.30"]
[White "Johansson, Gunnar"]
[Black "Gulamali, Kazim"]
[Result "0-1"]
[BlackTitle "FM"]
[WhiteElo "2210"]
[BlackElo "2341"]
[WhiteFideId "1703501"]
[BlackFideId "2024764"]
[EventDate "2016.12.27"]

1. d4 c5 2. d5 e6 3. c4 exd5 4. cxd5 d6 5. e4 g6 6. Nc3 Bg7 7. Bd3 a6 8. a4 Ne7
9. Nf3 Bg4 10. h3 Bxf3 11. Qxf3 Nd7 12. Bc2 O-O 13. O-O f5 14. Bg5 Ne5 15. Qg3
fxe4 16. Bxe4 Qd7 17. Rae1 Rae8 18. Bc1 Nf5 19. Bxf5 Qxf5 20. Re4 c4 21. f4 Nd3
22. Rxc4 b5 23. axb5 axb5 24. Rc7 b4 25. Nd1 Qxd5 26. Kh1 Re2 27. Ne3 Qb3 0-1

[Event "46th Rilton Cup 2016-17"]
[Site "Stockholm SWE"]
[Date "2017.01.02"]
[Round "6.31"]
[White "Larson, Matthew W"]
[Black "Rydstrom, Tom"]
[Result "1-0"]
[WhiteTitle "FM"]
[BlackTitle "FM"]
[WhiteElo "2330"]
[BlackElo "2239"]
[WhiteFideId "2077990"]
[BlackFideId "1714830"]
[EventDate "2016.12.27"]

1. d4 Nf6 2. c4 e6 3. Nc3 Bb4 4. f3 c5 5. d5 O-O 6. e4 d6 7. Ne2 b5 8. Nf4 Re8
9. Be2 bxc4 10. Bxc4 Qa5 11. Qb3 exd5 12. Nxd5 Nxd5 13. Bxd5 Be6 14. O-O Nc6 15.
Qd1 c4 16. Kh1 Rac8 17. Bf4 Ne5 18. Bxe5 dxe5 19. Bxe6 Rxe6 20. Nd5 Bc5 21. f4
exf4 22. Rxf4 Rb8 23. Qf3 Rxb2 24. Rxf7 h6 25. Rf1 Qd2 26. Ne7+ Bxe7 27. Rxg7+
Kxg7 28. Qf7+ Kh8 29. Qe8+ Kg7 30. Rf7+ Kg6 31. Rf8+ Kg5 32. Rf5+ 1-0

[Event "46th Rilton Cup 2016-17"]
[Site "Stockholm SWE"]
[Date "2017.01.02"]
[Round "6.32"]
[White "Saravanan, V."]
[Black "Tuomainen, Felix"]
[Result "1/2-1/2"]
[WhiteTitle "IM"]
[WhiteElo "2306"]
[BlackElo "2228"]
[WhiteFideId "5000580"]
[BlackFideId "1720813"]
[EventDate "2016.12.27"]

1. Nf3 d5 2. d4 a6 3. Bf4 Nf6 4. e3 c5 5. c3 Qb6 6. Qb3 Qxb3 7. axb3 Bf5 8. dxc5
Nbd7 9. b4 Nh5 10. Nbd2 Nxf4 11. exf4 Be4 12. Nxe4 dxe4 13. Nd2 f5 14. Bc4 g6
15. Ke2 Bh6 16. g3 e5 17. Bd5 O-O-O 18. Nc4 exf4 19. Nd6+ Kc7 20. Rhd1 f3+ 21.
Kf1 Ne5 22. Nxb7 e3 23. fxe3 Rxd5 24. Rxd5 Ng4 25. Rd6 Bxe3 26. Na5 Nxh2+ 27.
Ke1 f2+ 28. Ke2 Re8 29. Rc6+ Kb8 30. Rb6+ Kc8 31. Rc6+ Kb8 1/2-1/2

[Event "46th Rilton Cup 2016-17"]
[Site "Stockholm SWE"]
[Date "2017.01.02"]
[Round "6.33"]
[White "Kucuksari, Kaan"]
[Black "Luukkonen, Tommi"]
[Result "1/2-1/2"]
[BlackTitle "FM"]
[WhiteElo "2243"]
[BlackElo "2333"]
[WhiteFideId "6380166"]
[BlackFideId "501808"]
[EventDate "2016.12.27"]

1. d4 Nf6 2. Nf3 e6 3. c4 c5 4. d5 b5 5. Bg5 exd5 6. cxd5 h6 7. Bxf6 Qxf6 8. Qc2
Be7 9. e4 Qb6 10. a4 bxa4 11. Nbd2 Na6 12. Qxa4 Nb4 13. Be2 O-O 14. O-O d6 15.
Rfd1 Bg4 16. h3 Bxf3 17. Bxf3 Bf6 18. Nc4 Qd8 19. e5 Bxe5 20. Nxe5 dxe5 21. d6
Rb8 22. Rac1 Qb6 23. d7 Rfd8 24. Be4 a6 25. Rd2 Qf6 26. Rxc5 Qf4 27. Re2 Nd3 28.
Rc4 Nxb2 29. Rxb2 Rxb2 30. Bh7+ Kxh7 31. Rxf4 exf4 32. Qe4+ f5 33. Qxf5+ Kh8 34.
Qe5 Rbb8 35. Qxf4 Ra8 36. Qf7 a5 37. f4 a4 38. f5 Rf8 39. Qe6 a3 40. Qa2 Rfd8
41. f6 Rxd7 42. fxg7+ Rxg7 43. Qe6 a2 44. Qxh6+ Kg8 45. Qe6+ Rf7 46. Qg6+ Kf8
47. Qd6+ Re7 48. Qf6+ Ke8 49. Qc6+ Kf7 50. Qf3+ Kg6 51. Qg4+ Kf6 52. Qf3+ Kg7
53. Qg4+ Kf6 1/2-1/2

[Event "46th Rilton Cup 2016-17"]
[Site "Stockholm SWE"]
[Date "2017.01.02"]
[Round "6.34"]
[White "Hejazipour, Mitra"]
[Black "Matta, Vinay Kumar"]
[Result "0-1"]
[WhiteTitle "WGM"]
[BlackTitle "FM"]
[WhiteElo "2307"]
[BlackElo "2227"]
[WhiteFideId "12505951"]
[BlackFideId "5016649"]
[EventDate "2016.12.27"]

1. d4 Nf6 2. c4 g6 3. Nc3 Bg7 4. e4 d6 5. Be2 O-O 6. Be3 e5 7. d5 c5 8. g4 Ne8
9. h4 f5 10. gxf5 gxf5 11. exf5 Bxf5 12. Nf3 Nd7 13. h5 e4 14. Nh4 Bxc3+ 15.
bxc3 Ne5 16. Nxf5 Rxf5 17. Qc2 Nf6 18. Rg1+ Kh8 19. Bh6 Qe7 20. Bg7+ Qxg7 21.
Rxg7 Kxg7 22. Rb1 b6 23. Qa4 Nfd7 24. Qa6 Kh6 25. Qa3 Rg8 26. Qc1+ Kg7 27. Qe3
Rgf8 28. Qxe4 Rxf2 29. Kd1 R8f4 30. Qe3 Nf6 31. Qg3+ Kh6 32. Rb2 Ne4 33. Qe3 Kg7
34. a4 Rh4 35. a5 Nxc4 36. h6+ Kf6 0-1

[Event "46th Rilton Cup 2016-17"]
[Site "Stockholm SWE"]
[Date "2017.01.02"]
[Round "6.35"]
[White "Nesterov, Arseniy"]
[Black "Risting, Eivind Olav"]
[Result "1/2-1/2"]
[BlackTitle "FM"]
[WhiteElo "2296"]
[BlackElo "2222"]
[WhiteFideId "24198455"]
[BlackFideId "1517333"]
[EventDate "2016.12.27"]

1. d4 Nf6 2. c4 c5 3. d5 b5 4. cxb5 a6 5. bxa6 g6 6. Nc3 Bg7 7. e4 O-O 8. Nf3
Qa5 9. Bd2 Bxa6 10. e5 Ng4 11. d6 exd6 12. Nd5 Qd8 13. Bg5 Qa5+ 14. Bd2 Qd8 15.
Bg5 Qa5+ 16. Bd2 Qd8 17. Bg5 Qa5+ 18. Bd2 1/2-1/2

[Event "46th Rilton Cup 2016-17"]
[Site "Stockholm SWE"]
[Date "2017.01.02"]
[Round "6.36"]
[White "Haug, Johannes"]
[Black "Hallman, Valo"]
[Result "1-0"]
[WhiteTitle "FM"]
[WhiteElo "2287"]
[BlackElo "2098"]
[WhiteFideId "1509268"]
[BlackFideId "508098"]
[EventDate "2016.12.27"]

1. d4 d5 2. Nf3 Nf6 3. c4 e6 4. g3 Bb4+ 5. Bd2 Be7 6. Bg2 c6 7. Qc2 O-O 8. O-O
b6 9. Nc3 Ba6 10. cxd5 cxd5 11. Ne5 Nfd7 12. Nd3 Nc6 13. Qa4 Bxd3 14. Qxc6 Bg6
15. Rac1 Rc8 16. Qa4 Rc4 17. Qxa7 Rxd4 18. Bf4 Rb4 19. Rfd1 Nf6 20. b3 Bc5 21.
Na4 Qa8 22. Qxa8 Rxa8 23. Nxc5 bxc5 24. Rxc5 h6 25. Bd2 Rb7 26. Ra5 Rba7 27.
Rxa7 Rxa7 28. Ra1 Ne4 29. Bb4 d4 30. Kf1 Nc3 31. Bc5 Ra5 32. Bxd4 Nxa2 33. e4 e5
34. Be3 Ra6 35. Ke1 Kh7 36. f3 f6 37. Bf1 Ra3 38. Bc4 Be8 39. Bc5 Ra5 40. b4 1-0

[Event "46th Rilton Cup 2016-17"]
[Site "Stockholm SWE"]
[Date "2017.01.02"]
[Round "6.37"]
[White "Morrison, Graham SCO"]
[Black "Dahl, Trygve"]
[Result "1/2-1/2"]
[WhiteTitle "FM"]
[WhiteElo "2283"]
[BlackElo "2140"]
[WhiteFideId "2400090"]
[BlackFideId "1513427"]
[EventDate "2016.12.27"]

1. d4 Nf6 2. c4 Nc6 3. Nf3 e6 4. a3 d6 5. Nc3 g6 6. g3 Bg7 7. Bg2 O-O 8. O-O Re8
9. h3 e5 10. d5 Ne7 11. e4 Rf8 12. b4 Nd7 13. Qb3 f5 14. Ng5 Nf6 15. Bb2 f4 16.
c5 Bh6 17. Ne6 Bxe6 18. dxe6 fxg3 19. fxg3 Nh5 20. Rxf8+ Qxf8 21. Nb5 dxc5 22.
Rf1 Qd8 23. Bxe5 Qd2 24. Nxc7 Be3+ 25. Kh2 Rf8 26. Rxf8+ Kxf8 27. Nd5 Nxd5 28.
Qxd5 Qxd5 29. exd5 Ke7 30. Bf3 1/2-1/2

[Event "46th Rilton Cup 2016-17"]
[Site "Stockholm SWE"]
[Date "2017.01.02"]
[Round "6.39"]
[White "Glimbrant, Torbjorn"]
[Black "Carlsson, Ludvig"]
[Result "1/2-1/2"]
[WhiteElo "2228"]
[BlackElo "2073"]
[WhiteFideId "1700995"]
[BlackFideId "1727010"]
[EventDate "2016.12.27"]

1. d4 d5 2. c4 c6 3. Nf3 Nf6 4. Nc3 dxc4 5. a4 Bf5 6. e3 e6 7. Bxc4 Bb4 8. O-O
Nbd7 9. Qe2 Bg6 10. Rd1 O-O 11. h3 Qe7 12. Nh4 Bh5 13. g4 Nd5 14. Ng2 Bg6 15.
Bd2 N5b6 16. Bb3 a5 17. Nf4 e5 18. Nxg6 hxg6 19. Qf3 Rad8 20. Ne4 Bxd2 21. Nxd2
exd4 22. exd4 Nf6 23. Nc4 Nxc4 24. Bxc4 Qb4 25. Qc3 Nd5 26. Bxd5 Rxd5 27. Qxb4
axb4 28. Rac1 Rfd8 29. Rc4 c5 30. Rdc1 cxd4 31. Rxb4 R8d7 32. Rd1 f6 33. Kf1 d3
34. Rc4 Kf7 35. Rc3 Ke6 36. Ke1 Ke5 37. Kd2 Kf4 38. Re1 b5 39. axb5 Rxb5 40. b3
Kf3 41. Re3+ Kxf2 42. Rexd3 Rxd3+ 43. Kxd3 f5 44. Rc6 Rxb3+ 45. Kd4 fxg4 46.
hxg4 Rb4+ 47. Ke5 Rxg4 48. Rc7 g5 49. Kf5 Kg3 50. Rxg7 Rf4+ 51. Kxg5 Rg4+ 52.
Kf6 Rxg7 53. Kxg7 1/2-1/2

[Event "46th Rilton Cup 2016-17"]
[Site "Stockholm SWE"]
[Date "2017.01.02"]
[Round "6.40"]
[White "Gajic, Mladen"]
[Black "Narva, Mai"]
[Result "0-1"]
[WhiteTitle "FM"]
[BlackTitle "WIM"]
[WhiteElo "2349"]
[BlackElo "2218"]
[WhiteFideId "1709178"]
[BlackFideId "4500512"]
[EventDate "2016.12.27"]

1. d4 d5 2. c4 e6 3. Nc3 Nf6 4. Bg5 Be7 5. e3 O-O 6. Nf3 b6 7. cxd5 exd5 8. Bd3
Bb7 9. O-O Nbd7 10. Rc1 c5 11. Re1 Ne4 12. Bf4 Ndf6 13. Ne5 Nxc3 14. bxc3 c4 15.
Bb1 b5 16. g4 a5 17. f3 b4 18. Qc2 g6 19. h4 Nd7 20. h5 Nxe5 21. dxe5 Qb6 22.
Kg2 b3 23. Qd2 Qe6 24. Bg3 Bc6 25. Rh1 Rab8 26. axb3 cxb3 27. Rh3 a4 28. Rch1 g5
29. Qd3 Qh6 30. e6 Rb7 31. exf7+ Rxf7 32. Qa6 Qf6 33. Bf5 d4 34. Qc4 dxc3 35. e4
Rb4 36. Qa6 b2 37. Kh2 Bb7 38. Qxf6 Rxf6 39. e5 Rxf5 40. gxf5 c2 0-1

[Event "46th Rilton Cup 2016-17"]
[Site "Stockholm SWE"]
[Date "2017.01.02"]
[Round "6.41"]
[White "Lahlum, Hans Olav"]
[Black "Louis, Thibault"]
[Result "0-1"]
[WhiteElo "2145"]
[BlackElo "2316"]
[WhiteFideId "1501348"]
[BlackFideId "681369"]
[EventDate "2016.12.27"]

1. d4 Nf6 2. c4 e6 3. Nc3 Bb4 4. e3 b6 5. Ne2 Ba6 6. Ng3 h5 7. h4 Bb7 8. Qd3 d5
9. cxd5 Nxd5 10. Be2 g6 11. e4 Nxc3 12. bxc3 Be7 13. Bg5 Bxg5 14. Qb5+ Nd7 15.
Qxg5 Qxg5 16. hxg5 Ke7 17. Bd3 c5 18. Kd2 Rhd8 19. Ke3 Rac8 20. Ne2 Nb8 21. f4
Ba6 22. Rab1 Bxd3 23. Kxd3 Nc6 24. Ke3 cxd4+ 25. cxd4 Nxd4 26. Rhc1 Nc2+ 27. Kf2
Rc5 28. Rd1 Rxd1 29. Rxd1 Nb4 30. Rd2 a5 31. Ke3 Nc2+ 32. Kf3 b5 33. g4 hxg4+
34. Kxg4 b4 35. e5 a4 36. Nd4 Nxd4 37. Rxd4 Rb5 38. Rd2 b3 39. axb3 axb3 40. Rb2
Kd7 41. Kf3 Kc6 42. Ke4 Kc5 43. Kd3 Kb4 44. Rb1 Rd5+ 45. Ke3 Rc5 46. Kd3 Rc3+
47. Kd4 Rf3 48. Ke4 Rc3 49. Kd4 Rc7 50. Kd3 Rd7+ 51. Ke3 Ka3 52. Ra1+ Kb2 53.
Ra6 Rc7 54. Kd2 Rc4 0-1

[Event "46th Rilton Cup 2016-17"]
[Site "Stockholm SWE"]
[Date "2017.01.02"]
[Round "6.42"]
[White "Furhoff, Johan"]
[Black "Ask, Josef"]
[Result "1/2-1/2"]
[WhiteTitle "IM"]
[WhiteElo "2311"]
[BlackElo "2201"]
[WhiteFideId "1701797"]
[BlackFideId "1704583"]
[EventDate "2016.12.27"]

1. e4 e5 2. Nf3 Nc6 3. Bb5 g6 4. c3 Nge7 5. O-O Bg7 6. d4 exd4 7. cxd4 d5 8.
exd5 Nxd5 9. Re1+ Be6 10. Ne5 Qd6 11. Nd2 O-O 12. Ne4 Qb4 13. Bxc6 bxc6 14. Nxc6
Qb6 15. Qc2 Rfe8 16. Qc5 f5 17. Qxb6 axb6 18. Ng5 Bd7 19. Ne5 Bxe5 20. Rxe5 Nb4
21. Rxe8+ Bxe8 22. Ne6 Rxa2 23. Rxa2 Nxa2 24. Bd2 c6 25. Kf1 Bf7 26. Ng5 Bd5 27.
b4 h6 28. Nh3 g5 29. f4 g4 30. Nf2 Kf7 31. Nd1 Ke6 32. Ne3 Be4 33. Kf2 b5 34.
Kg3 Kf6 35. Kh4 Kg6 36. h3 h5 37. Kg3 Kf6 38. Kf2 Ke6 39. Kg3 Kf6 40. Kh4 Kg6
41. hxg4 hxg4 42. g3 Bf3 43. Nc2 1/2-1/2

[Event "46th Rilton Cup 2016-17"]
[Site "Stockholm SWE"]
[Date "2017.01.02"]
[Round "6.43"]
[White "Kolbus, Dietmar"]
[Black "Petersson, Baldur Teodor"]
[Result "1-0"]
[WhiteTitle "IM"]
[WhiteElo "2299"]
[BlackElo "2074"]
[WhiteFideId "4610628"]
[BlackFideId "2309157"]
[EventDate "2016.12.27"]

1. c4 Nf6 2. Nc3 g6 3. e4 d6 4. d4 Bg7 5. f3 O-O 6. Be3 a6 7. Qd2 Nbd7 8. Nge2
c5 9. b3 b6 10. Rc1 Bb7 11. Ng3 cxd4 12. Bxd4 e6 13. Be2 Qc7 14. O-O Rac8 15.
Rfd1 Rfd8 16. Kh1 Qb8 17. Be3 Bf8 18. Bf4 Ne5 19. Qe3 Rc6 20. Bf1 Rd7 21. a4 Qd8
22. Rc2 Rc8 23. Rcd2 Qc7 24. Bg5 Bg7 25. Nge2 h5 26. h3 Rdd8 27. Qf4 Qe7 28. Qh4
Rc7 29. f4 Nc6 30. e5 1-0